000
00336 a2200157 4500
001
72348
020
_a
8506039460
040
_c
Anchieta - Colégio São Paulo
100
_a
Brandão, Toni
240
1
0
_a
Televizinhos
_l
por
245
1
0
_a
Televizinhos
300
_a
127
362
0
_a
2007
650
4
_a
Literatura juvenil
942
_c
BK
999
_c
72348
_d
72348